000 00581nam a22001937a 4500
005 20130807145106.0
010 _aENG-108255
020 _c250.00
_a9789381325209
035 _aEN-91788
037 _bDBAD/PUB
082 _a954
245 _aCultural unity of India /
_cedited by Sabyasachi Bhattacharya
260 _aKolkata
_bRamakrishna Mission
_c2013
270 _aInstitute of Culture Gol Park
_bKolkata
_e700029
300 _axli,478p. :
_c20cm(Hb)
_bill.
500 _aIncludes index
700 _aBhattacharya, Sabyasachi
942 _2ddc
_cEN
_mCUL
_h954
999 _c78255
_d78255